000
00219 a2200097 4500
001
42905
100
_a
Batlvi Ashaque Hussain
245
_a
The terrorist
260
_a
London
_b
Ernest benn ltd
_c
090
_c
26791
_d
26791
942
_a
NUST-CAE
_c
M
_c
18659
999
_c
277978
_d
277978